[Event "Sofia Gerenski Memorial 3rd"]
[Site "Sofia"]
[Date "2010.03.27"]
[Round "9"]
[White "Cholakov, Stefan"]
[Black "Popov, Georgi"]
[Result "1/2-1/2"]
[WhiteElo "2181"]
[BlackElo "2218"]
[PlyCount "20"]
[EventDate "2010.03.21"]
[EventType "swiss"]
[EventRounds "9"]
[EventCountry "BUL"]
[SourceTitle "CBM 135 Extra"]
[Source "ChessBase"]
[SourceDate "2010.05.04"]
[SourceVersion "1"]
[SourceVersionDate "2010.05.04"]
[SourceQuality "1"]

1. d4 d5 2. c4 c6 3. Nc3 Nf6 4. Nf3 a6 5. cxd5 cxd5 6. Bg5 e6 7. e3 Nc6 8. Bd3 Be7 9. 0-0 0-0 10. Rc1 Bd7 1/2-1/2

[Event "Sofia Gerenski Memorial 3rd"]
[Site "Sofia"]
[Date "2010.03.21"]
[Round "1"]
[White "Popov, Georgi"]
[Black "Kolev, Velio"]
[Result "1-0"]
[WhiteElo "2218"]
[BlackElo "1933"]
[PlyCount "92"]
[EventDate "2010.03.21"]
[EventType "swiss"]
[EventRounds "9"]
[EventCountry "BUL"]
[SourceTitle "CBM 135 Extra"]
[Source "ChessBase"]
[SourceDate "2010.05.04"]
[SourceVersion "1"]
[SourceVersionDate "2010.05.04"]
[SourceQuality "1"]

1. e4 e5 2. Nf3 Nc6 3. Bc4 d6 4. c3 Bg4 5. h3 Bxf3 6. Qxf3 Qf6 7. Qe2 h6 8. d3 g5 9. Nd2 Bg7 10. Nf1 Nge7 11. a4 Na5 12. Ba2 c5 13. Ng3 Qg6 14. h4 Nac6 15. Qg4 gxh4 16. Rxh4 Qxg4 17. Rxg4 Bf8 18. Be3 Ng6 19. Nh5 Ke7 20. g3 Nd8 21. f4 Kd7 22. 0-0-0 Kc6 23. d4 Kc7 24. fxe5 cxd4 25. exd6+ Bxd6 26. Bxd4 Be5 27. Bxf7 Bxd4 28. Bxg6 Be3+ 29. Kc2 Nc6 30. Nf4 Bxf4 31. gxf4 Rag8 32. Rdg1 Ne7 33. Bh5 Rxg4 34. Rxg4 Rf8 35. Rg7 Kd8 36. f5 a6 37. a5 Rf6 38. b4 b6 39. axb6 Rxb6 40. Bg4 Ke8 41. e5 Kf8 42. f6 Nd5 43. Bf3 Nxf6 44. exf6 Rxf6 45. Rg3 Ke7 46. Be4 Kf7 1-0

[Event "Kesarovski Georgiev Memorial 8th"]
[Site "Sunny Beach"]
[Date "2009.09.11"]
[Round "6"]
[White "Ermenkov, Evgenij"]
[Black "Popov, Georgi"]
[Result "1-0"]
[WhiteElo "2427"]
[BlackElo "2203"]
[PlyCount "69"]
[EventDate "2009.09.07"]
[EventType "swiss"]
[EventRounds "9"]
[EventCountry "BUL"]
[SourceTitle "CBM 132 Extra"]
[Source "ChessBase"]
[SourceDate "2009.11.03"]
[SourceVersion "1"]
[SourceVersionDate "2009.11.03"]
[SourceQuality "1"]

1. e4 d5 2. exd5 Qxd5 3. Nf3 Nf6 4. d4 Bg4 5. Be2 e6 6. 0-0 Be7 7. Bf4 c6 8. c4 Qa5 9. h3 Bh5 10. Nc3 0-0 11. Ne5 Bxe2 12. Qxe2 Bb4 13. Bd2 Nbd7 14. a3 Bxc3 15. Bxc3 Qc7 16. Rad1 a5 17. a4 Nxe5 18. Qxe5 Qb6 19. Rd3 Nd7 20. Qh5 f6 21. Re3 Rfe8 22. Rfe1 Nf8 23. f4 Qc7 24. Qf3 Qd7 25. d5 exd5 26. Rxe8 Rxe8 27. Rxe8 Qxe8 28. cxd5 c5 29. d6 b6 30. Qd5+ Qf7 31. Qc6 Nd7 32. Qc8+ Nf8 33. Qc7 Nd7 34. Qd8+ Nf8 35. Qxb6 1-0

[Event "Kesarovski Georgiev Memorial 8th"]
[Site "Sunny Beach"]
[Date "2009.09.07"]
[Round "1"]
[White "Popov, Georgi"]
[Black "Pantev, Tsvetelin"]
[Result "1-0"]
[WhiteElo "2203"]
[BlackElo "1689"]
[PlyCount "82"]
[EventDate "2009.09.07"]
[EventType "swiss"]
[EventRounds "9"]
[EventCountry "BUL"]
[SourceTitle "CBM 132 Extra"]
[Source "ChessBase"]
[SourceDate "2009.11.03"]
[SourceVersion "1"]
[SourceVersionDate "2009.11.03"]
[SourceQuality "1"]

1. e4 c5 2. Nf3 Nc6 3. Bb5 g6 4. 0-0 Bg7 5. Re1 Nf6 6. Bxc6 bxc6 7. d3 0-0 8. c4 d5 9. Qa4 Qc7 10. h3 Bb7 11. Nc3 d4 12. Ne2 Nd7 13. Rb1 Ne5 14. Nxe5 Bxe5 15. f4 Bg7 16. b4 cxb4 17. Qxb4 Rab8 18. Qc5 Ba6 19. Bd2 Qd6 20. Bb4 Qc7 21. Qxe7 Rb7 22. Qxc7 Rxc7 23. Bxf8 Kxf8 24. Rb8+ Ke7 25. Reb1 Rd7 26. R1b4 Rd8 27. Rxd8 Kxd8 28. Ra4 Bb7 29. c5 a6 30. Nxd4 Bf8 31. Nb3 Bc8 32. Kf2 f5 33. exf5 Kc7 34. d4 Bh6 35. g3 g5 36. Kf3 gxf4 37. gxf4 Bf8 38. Nd2 Kb7 39. Rb4+ Ka7 40. Nc4 Be6 41. a4 Be7 1-0

[Event "Teteven op 24th"]
[Site "Teteven"]
[Date "2009.08.17"]
[Round "4"]
[White "Ivanov, Tsvetalin"]
[Black "Popov, Georgi"]
[Result "1/2-1/2"]
[WhiteElo "2097"]
[BlackElo "2196"]
[PlyCount "46"]
[EventDate "2009.08.15"]
[EventType "swiss"]
[EventRounds "9"]
[EventCountry "BUL"]
[SourceTitle "CBM 131 Extra"]
[Source "ChessBase"]
[SourceDate "2009.09.03"]
[SourceVersion "2"]
[SourceVersionDate "2009.09.16"]
[SourceQuality "1"]

1. e4 c6 2. d4 d5 3. Nc3 g6 4. g3 Bg7 5. Be3 dxe4 6. Nxe4 Nh6 7. Qd2 Nf5 8. 0-0-0 Qd5 9. Bg2 Qxa2 10. Qc3 Nd7 11. Nf3 Nb6 12. Nc5 Nd5 13. Qd3 b6 14. Nb3 a5 15. Ne5 Bb7 16. Bxd5 cxd5 17. Qb5+ Kf8 18. Nd7+ Kg8 19. Nxb6 Nd6 20. Qd7 a4 21. Nc5 a3 22. b3 Qb2+ 23. Kd2 Bxd4 1/2-1/2

[Event "Teteven op 24th"]
[Site "Teteven"]
[Date "2009.08.16"]
[Round "3"]
[White "Popov, Georgi"]
[Black "Stanchev, Plamen"]
[Result "1-0"]
[WhiteElo "2196"]
[BlackElo "1924"]
[PlyCount "57"]
[EventDate "2009.08.15"]
[EventType "swiss"]
[EventRounds "9"]
[EventCountry "BUL"]
[SourceTitle "CBM 131 Extra"]
[Source "ChessBase"]
[SourceDate "2009.09.03"]
[SourceVersion "2"]
[SourceVersionDate "2009.09.16"]
[SourceQuality "1"]

1. e4 e6 2. d4 d5 3. e5 c5 4. c3 Qb6 5. Nf3 Nc6 6. Be2 c4 7. b3 Na5 8. Nbd2 cxb3 9. axb3 Bd7 10. b4 Nc6 11. 0-0 f6 12. exf6 Nxf6 13. Bd3 Bd6 14. Re1 0-0 15. Nb3 Rfe8 16. Ne5 Qc7 17. Bf4 b6 18. Bg3 Nd8 19. Re3 Re7 20. Qe2 Nf7 21. f4 Nh6 22. Be1 Nf5 23. Rh3 g6 24. g4 Ng7 25. Qf2 Bxe5 26. fxe5 Ne4 27. Qh4 Bc6 28. Qxh7+ Kf7 29. Bh4 1-0